Compras públicas inovadoras : (Record no. 199)

MARC details
000 -LÍDER
Campo Fixo de Controle 01037cam a2200253 a 4500
001 - NÚMERO DE CONTROLE
Campo de Controle 199
003 - IDENTIFICAÇÃO DO NÚMERO DE CONTROLE
Campo de Controle BR-CuiBMT
005 - DATA E HORA DA ÚLTIMA ATUALIZAÇÃO
Campo de Controle 20231213133819.0
008 - DADOS FIXOS
Dados Fixos 230829s2022 mgb 000 0 por d
020 ## - INTERNATIONAL STANDARD BOOK NUMBER
Nº do ISBN 9786555183047
040 ## - AGÊNCIA CATALOGADORA
Código da Agência Catalogadora BR-CuiBMT
Agência que transcreveu o registro BR-CuiBMT
080 ## - Nº DA CLASSIFICAÇÃO DECIMAL UNIVERSAL
Nº edição CDU 2007
Nº Class. CDU 351.712.2.02
090 ## - NÚMERO DE CHAMADA
Nº classificação 351.712.2.02
Cutter R375c
100 1# - ENTRADA PRINCIPAL -- AUTOR PESSOAL
Nome pessoal Reis, Luciano Elias
245 10 - TÍTULO PRINCIPAL
Título principal Compras públicas inovadoras :
Subtítulo o desenvolvimento científico, tecnológico e inovativo como perspectiva do desenvolvimento nacional sustentável : de acordo com a nova lei de licitações e o marco regulatório das startups /
Indicação de responsabilidade Luciano Elias Reis ; Jorge Ulisses Jacoby Fernandes prefácio.
260 ## - PUBLICAÇÃO, DISTRIBUIÇÃO, ETC.
Local de publicação Belo Horizonte :
Editora Fórum,
Data c2022.
300 ## - DESCRIÇÃO FÍSICA
N. páginas ou volumes 446 p. ;
Dimensões 24 cm
504 ## - NOTA DE BIBLIOGRAFIA, ETC.
Nota de bibliografia Inclui bibliografia.
590 ## - NOTA LOCAL
Nota local A Biblioteca possui a 1. reimpr. 2022.
650 ## - ASSUNTO TÓPICO
Cabeçalho tópico ou nome geográfico Licitação
Subdivisão geral Inovação tecnológica
Subdivisão geográfica Brasil
650 ## - ASSUNTO TÓPICO
Cabeçalho tópico ou nome geográfico Contrato administrativo
Subdivisão geral Inovação tecnológica
Subdivisão geográfica Brasil
650 ## - ASSUNTO TÓPICO
Cabeçalho tópico ou nome geográfico Desenvolvimento sustentável
Subdivisão geográfica Brasil
942 ## - ELEMENTOS DE ENTRADA ADICIONAIS (KOHA)
Fonte de classificação ou esquema de arquivamento Classificação Decimal Universal
Tipo de item do Koha Livros
Holdings
Estado: removido Estado: perdido Fonte de classificação ou esquema de arquivamento Estado: danificado Indisponível para empréstimo Localização permanente Localização atual Data de aquisição Total Checkouts Número de Chamada completo Código de barras Date last seen Número do exemplar Preço efetivo a partir de Tipo de item (Koha) Nota pública
    Classificação Decimal Universal     Biblioteca da Escola Superior de Contas do TCE/MT Biblioteca da Escola Superior de Contas do TCE/MT 29/08/2023   351.712.2.02 R375c BIBTCEMT23080177 29/08/2023 Ex. 1 29/08/2023 Livros 1. reimpr. 2022
    Classificação Decimal Universal     Biblioteca da Escola Superior de Contas do TCE/MT Biblioteca da Escola Superior de Contas do TCE/MT 16/11/2023   351.712.2.02 R375c BIBTCEMT23110615 16/11/2023 Ex. 2 16/11/2023 Livros 1. reimpr. 2022
    Classificação Decimal Universal     Biblioteca da Escola Superior de Contas do TCE/MT Biblioteca da Escola Superior de Contas do TCE/MT 16/11/2023   351.712.2.02 R375c BIBTCEMT23110616 16/11/2023 Ex. 3 16/11/2023 Livros 1. reimpr. 2022
    Classificação Decimal Universal     Biblioteca da Escola Superior de Contas do TCE/MT Biblioteca da Escola Superior de Contas do TCE/MT 16/11/2023   351.712.2.02 R375c BIBTCEMT23110617 16/11/2023 Ex. 4 16/11/2023 Livros 1. reimpr. 2022

Powered by Koha